[Event "7. Torneo IRT Móstoles 2014"]
[Site "Mostoles ESP"]
[Date "2014.07.18"]
[Round "3.6"]
[White "Garcia Diaz, Victor"]
[Black "Pablos Tenrero, Raquel"]
[Result "0-1"]
[WhiteElo "2151"]
[BlackElo "1965"]
[PlyCount "66"]
[EventDate "2014.07.16"]
[EventType "swiss"]
[EventRounds "9"]
[EventCountry "ESP"]
[Source "lmi"]
[SourceDate "2014.07.16"]

1. d4 Nf6 2. c4 e6 3. g3 Bb4+ 4. Nd2 O-O 5. Bg2 d5 6. Ngf3 Nbd7 7. O-O b6 8. a3
Be7 9. b4 c5 10. dxc5 bxc5 11. cxd5 Nxd5 12. bxc5 Bf6 13. Rb1 Nc3 14. Qc2 Nxb1
15. Nxb1 Ba6 16. Be3 Rc8 17. Rc1 Qa5 18. c6 Nb6 19. Bd2 Qh5 20. Bb4 Rfd8 21. e3
Bd3 22. Qb3 Be4 23. Ne1 Bxg2 24. Nxg2 Qf3 25. Qc2 Nd5 26. Ne1 Qg4 27. Nd3 Qe4
28. Ba5 Rd6 29. Nd2 Qg6 30. Qb3 Ne7 31. Nb4 Rxd2 32. c7 Qf5 33. Rf1 Qxa5 0-1

[Event "7. Torneo IRT Móstoles 2014"]
[Site "Mostoles ESP"]
[Date "2014.07.18"]
[Round "3.7"]
[White "Rodriguez De Castro, Ayar"]
[Black "Martos De La Vega, Alvar"]
[Result "0-1"]
[WhiteElo "2123"]
[BlackElo "1956"]
[PlyCount "80"]
[EventDate "2014.07.16"]
[EventType "swiss"]
[EventRounds "9"]
[EventCountry "ESP"]
[Source "lmi"]
[SourceDate "2014.07.16"]

1. d4 Nf6 2. c4 g6 3. g3 c6 4. Bg2 d5 5. Nf3 Bg7 6. O-O O-O 7. b3 dxc4 8. bxc4
c5 9. e3 Nc6 10. Bb2 Qb6 11. Qe2 cxd4 12. exd4 Bg4 13. d5 Bxf3 14. Bxf3 Nd4 15.
Bxd4 Qxd4 16. Nd2 Nd7 17. Nb3 Qe5 18. Rac1 Qxe2 19. Bxe2 b6 20. Rfe1 h5 21. Bf1
Ne5 22. Re3 Bf6 23. Bh3 Rfd8 24. a4 Kf8 25. a5 Rab8 26. Bf1 Rbc8 27. Nd2 Rxd5
28. axb6 axb6 29. Ne4 Bg7 30. Rb1 Ra5 31. Rxb6 Nxc4 32. Bxc4 Rxc4 33. Rb7 Bh6
34. Re1 Rc1 35. Rb1 Rxe1+ 36. Rxe1 f5 37. Kg2 fxe4 38. Rxe4 h4 39. Rxh4 Kg7 40.
Kf3 Bg5 0-1

[Event "7. Torneo IRT Móstoles 2014"]
[Site "Mostoles ESP"]
[Date "2014.07.18"]
[Round "3.8"]
[White "Aziz Ortego, Omar Luis"]
[Black "Mazo Fernandez, Roberto"]
[Result "0-1"]
[WhiteElo "2116"]
[BlackElo "1875"]
[PlyCount "136"]
[EventDate "2014.07.16"]
[EventType "swiss"]
[EventRounds "9"]
[EventCountry "ESP"]
[Source "lmi"]
[SourceDate "2014.07.16"]

1. e4 c5 2. c4 Nc6 3. Ne2 Nf6 4. Nbc3 e6 5. d4 cxd4 6. Nxd4 Bb4 7. Nxc6 bxc6 8.
Bd2 e5 9. Bd3 Bc5 10. O-O O-O 11. Bg5 d6 12. Qf3 h6 13. Bxf6 Qxf6 14. Qxf6 gxf6
15. Ne2 Be6 16. Ng3 Kg7 17. h3 a5 18. Rac1 a4 19. Rfd1 Rab8 20. Rc2 Rb6 21. Ne2
Rfb8 22. Rdd2 Kg6 23. Nc3 Ra6 24. Bf1 f5 25. Rd3 f4 26. g3 fxg3 27. Rxg3+ Kf6
28. Kg2 Raa8 29. Be2 Ke7 30. Nd1 f5 31. Rg7+ Kf6 32. Rc7 Rg8+ 33. Kh2 Rg6 34.
Rc3 f4 35. Bf3 Rag8 36. Rc2 Rg1 37. Rxc6 Rf1 38. b3 axb3 39. axb3 Rgg1 40. Rd2
Kg5 41. Rxc5 dxc5 42. Rd6 Bc8 43. Rd8 Be6 44. Rd6 Bc8 45. Rc6 Bd7 46. Rd6 Bc8
47. Rd2 h5 48. Rd8 Be6 49. Rd6 Bg4 50. hxg4 hxg4 51. Bxg4 Rxg4 52. Rd8 Rfg1 53.
f3 R4g2+ 54. Kh3 Rg3+ 55. Kh2 R1g2+ 56. Kh1 Rg1+ 57. Kh2 Rf1 58. Nc3 Rfxf3 59.
Nd5 Rh3+ 60. Kg2 Rfg3+ 61. Kf2 Rh2+ 62. Kf1 Kg4 63. Nf6+ Kg5 64. Nd5 Rb2 65. b4
Ra3 66. Rg8+ Kh4 67. Rh8+ Kg3 68. Rg8+ Kf3 0-1

[Event "7. Torneo IRT Móstoles 2014"]
[Site "Mostoles ESP"]
[Date "2014.07.18"]
[Round "3.9"]
[White "Sotoca Aguado, Jose"]
[Black "Cabanas Bravo, Juan Andres"]
[Result "1/2-1/2"]
[WhiteElo "1933"]
[BlackElo "2064"]
[PlyCount "163"]
[EventDate "2014.07.16"]
[EventType "swiss"]
[EventRounds "9"]
[EventCountry "ESP"]
[Source "lmi"]
[SourceDate "2014.07.16"]

1. d4 Nf6 2. Nf3 g6 3. Bf4 Bg7 4. e3 O-O 5. Bd3 d5 6. h3 c5 7. O-O Nc6 8. c3
Qb6 9. Qb3 c4 10. Qxb6 axb6 11. Bc2 b5 12. Ne5 Nd7 13. Nxc6 bxc6 14. Nd2 c5 15.
Nf3 f6 16. Rfd1 Bb7 17. Bg3 e5 18. a3 Ra6 19. Rac1 Rfa8 20. Rd2 cxd4 21. cxd4
b4 22. axb4 Rb6 23. b3 c3 24. Rdd1 Rxb4 25. Ra1 e4 26. Rxa8+ Bxa8 27. Ra1 Bb7
28. Nh2 Kf7 29. f3 f5 30. Be1 Rxd4 31. Bxc3 Rd2 32. Bxd2 Bxa1 33. Kf2 Ba6 34.
fxe4 dxe4 35. g4 Kf6 36. gxf5 gxf5 37. b4 Kg5 38. Ba4 Ne5 39. b5 Nd3+ 40. Kg2
Bb7 41. Ba5 f4 42. Bd8+ Kf5 43. exf4 Kxf4 44. Bc7+ Be5 45. b6 e3+ 46. Kf1 h5
47. Bb5 Bxc7 48. bxc7 Nc5 49. Bd7 Ne4 50. Ke1 h4 51. Bg4 Nd6 52. Ke2 Ba6+ 53.
Ke1 Ke4 54. Nf3 Nb5 55. c8=Q Bxc8 56. Ng5+ Kf4 57. Bxc8 Kxg5 58. Ke2 Kf4 59.
Bg4 Nd4+ 60. Kd3 Nf3 61. Ke2 Ng5 62. Bd7 Ne4 63. Bg4 Nf2 64. Bd7 Nh1 65. Bc6
Ng3+ 66. Ke1 Nf5 67. Bd7 Nd4 68. Bg4 Ke4 69. Bc8 Nf3+ 70. Ke2 Ng5 71. Bg4 Kf4
72. Bd7 Ne4 73. Bg4 Nd2 74. Bh5 Nb3 75. Bg4 Nd4+ 76. Kf1 Kg3 77. Ke1 Kf4 78.
Kf1 Nf3 79. Ke2 Ng1+ 80. Kf1 Nxh3 81. Bxh3 Kg3 82. Bd7 1/2-1/2

[Event "7. Torneo IRT Móstoles 2014"]
[Site "Mostoles ESP"]
[Date "2014.07.18"]
[Round "3.10"]
[White "Garcia-Ruiz Fuentes, Angel M"]
[Black "Gonzalez Santamartina, Jorge"]
[Result "0-1"]
[WhiteElo "2059"]
[BlackElo "1923"]
[PlyCount "44"]
[EventDate "2014.07.16"]
[EventType "swiss"]
[EventRounds "9"]
[EventCountry "ESP"]
[Source "lmi"]
[SourceDate "2014.07.16"]

1. e4 e5 2. Nf3 Nc6 3. Bb5 a6 4. Bxc6 dxc6 5. Nc3 f6 6. d4 exd4 7. Qxd4 Qxd4 8.
Nxd4 Bd7 9. Be3 O-O-O 10. O-O-O Bd6 11. f4 Nh6 12. h3 Rhe8 13. Rhe1 b6 14. Nf3
Bb4 15. Bd2 Nf7 16. a3 Bd6 17. Re2 c5 18. Nd5 Bc6 19. c4 Ba4 20. Bc3 Bxd1 21.
Kxd1 Bxf4 22. Kc2 Be5 0-1

[Event "7. Torneo IRT Móstoles 2014"]
[Site "Mostoles ESP"]
[Date "2014.07.19"]
[Round "4.1"]
[White "Longa Yauca, Javier"]
[Black "Moreno Ibanez, Miguel"]
[Result "0-1"]
[WhiteElo "2320"]
[BlackElo "2175"]
[PlyCount "46"]
[EventDate "2014.07.16"]
[EventType "swiss"]
[EventRounds "9"]
[EventCountry "ESP"]
[Source "lmi"]
[SourceDate "2014.07.16"]

1. d4 d5 2. Nf3 Nf6 3. c4 c6 4. Nc3 dxc4 5. a4 Bf5 6. e3 e6 7. Bxc4 Bb4 8. O-O
Nbd7 9. Qe2 Bg6 10. Rd1 Qc7 11. h3 O-O 12. Nh4 e5 13. Nxg6 hxg6 14. dxe5 Nxe5
15. Bb3 g5 16. g3 Bxc3 17. bxc3 Ne4 18. Bb2 Rad8 19. Rd4 Nd2 20. Ba2 c5 21. Rd5
c4 22. Rxe5 Qxe5 23. Rd1 Qd5 0-1

[Event "7. Torneo IRT Móstoles 2014"]
[Site "Mostoles ESP"]
[Date "2014.07.19"]
[Round "4.2"]
[White "Quintero Torres, Pedro"]
[Black "Cardenas Serrano, Sergio"]
[Result "1/2-1/2"]
[WhiteElo "2014"]
[BlackElo "2073"]
[PlyCount "134"]
[EventDate "2014.07.16"]
[EventType "swiss"]
[EventRounds "9"]
[EventCountry "ESP"]
[Source "lmi"]
[SourceDate "2014.07.16"]

1. e4 e6 2. d4 d5 3. exd5 exd5 4. Bd3 Nc6 5. c3 Bd6 6. Nf3 Qe7+ 7. Qe2 Bg4 8.
O-O Qxe2 9. Bxe2 O-O-O 10. Be3 Nge7 11. Nbd2 Nf5 12. Bd3 Rde8 13. Rae1 Re7 14.
h3 Nxe3 15. fxe3 Bh5 16. Bf5+ Kd8 17. g4 Bg6 18. e4 Bg3 19. Re2 Bxf5 20. gxf5
dxe4 21. Nxe4 Rhe8 22. Nfd2 Bh4 23. Kg2 f6 24. Kf3 Bg5 25. Nb3 b6 26. Rfe1 Bh6
27. Ng3 Rxe2 28. Rxe2 Rxe2 29. Nxe2 Ne7 30. Ke4 Nc8 31. Kf3 Nd6 32. Kg4 Nc4 33.
Nf4 Bxf4 34. Kxf4 Nxb2 35. Nd2 Kd7 36. c4 Nd3+ 37. Ke3 Nb4 38. a4 a5 39. Nb3
Kd6 40. Ke4 Nc6 41. c5+ bxc5 42. Nxc5 g6 43. Nb7+ Ke7 44. fxg6 hxg6 45. d5 f5+
46. Kf4 Nb4 47. Ke5 Nd3+ 48. Kd4 Nb2 49. Nxa5 Nxa4 50. Ke5 Nc5 51. Nc6+ Kf7 52.
Nd8+ Kg7 53. h4 Kh6 54. Kf4 Nd3+ 55. Ke3 Nb4 56. Kd4 Kh5 57. Ne6 Nxd5 58. Kxd5
Kxh4 59. Nxc7 f4 60. Ke4 Kg3 61. Nd5 f3 62. Ke3 g5 63. Nc3 Kg2 64. Ne4 g4 65.
Kf4 g3 66. Nxg3 Kf2 67. Nh1+ Ke2 1/2-1/2

[Event "7. Torneo IRT Móstoles 2014"]
[Site "Mostoles ESP"]
[Date "2014.07.19"]
[Round "4.3"]
[White "Renteria, Jorge"]
[Black "Gonzalez Santamartina, Jorge"]
[Result "1-0"]
[WhiteElo "2304"]
[BlackElo "1923"]
[PlyCount "127"]
[EventDate "2014.07.16"]
[EventType "swiss"]
[EventRounds "9"]
[EventCountry "ESP"]
[Source "lmi"]
[SourceDate "2014.07.16"]

1. e4 e5 2. Nf3 Nc6 3. d4 exd4 4. Nxd4 Nf6 5. Nxc6 bxc6 6. e5 Qe7 7. Qe2 Nd5 8.
c4 Ba6 9. Qe4 Nf6 10. Qe2 Nd5 11. g3 g6 12. b3 Bg7 13. Bg2 O-O 14. Bb2 Rae8 15.
O-O Bxe5 16. Qxe5 Qxe5 17. Bxe5 Rxe5 18. cxd5 Bxf1 19. Kxf1 cxd5 20. Nc3 c6 21.
Na4 Re7 22. h4 Rb8 23. Rd1 Rb4 24. Bf3 f5 25. Nc5 Kf7 26. Nd3 Rb8 27. Rc1 Ke8
28. Rc5 Kd8 29. b4 Re4 30. Bxe4 dxe4 31. Nf4 Rxb4 32. Ra5 Rb7 33. h5 g5 34. Nh3
g4 35. Nf4 d5 36. Nxd5 cxd5 37. Rxd5+ Ke7 38. Rxf5 Ke6 39. Rf4 Ke5 40. Rxg4
Rb1+ 41. Ke2 Rb2+ 42. Ke3 Rxa2 43. Rxe4+ Kf6 44. g4 Kg5 45. f3 Ra3+ 46. Kf2 Kh4
47. Re7 Ra2+ 48. Ke3 h6 49. Kf4 Ra4+ 50. Re4 Ra3 51. Re6 Ra4+ 52. Kf5 Ra3 53.
Kf4 Ra4+ 54. Ke5 Kg3 55. Rxh6 Kxf3 56. g5 Ra5+ 57. Kf6 Kg4 58. g6 Ra6+ 59. Kf7
Rb6 60. g7 Rxh6 61. g8=Q+ Kxh5 62. Qe8 Rb6 63. Qa8 a6 64. Qh1+ 1-0

[Event "7. Torneo IRT Móstoles 2014"]
[Site "Mostoles ESP"]
[Date "2014.07.19"]
[Round "4.4"]
[White "Pablos Tenrero, Raquel"]
[Black "Martos De La Vega, Alvar"]
[Result "1/2-1/2"]
[WhiteElo "1965"]
[BlackElo "1956"]
[PlyCount "110"]
[EventDate "2014.07.16"]
[EventType "swiss"]
[EventRounds "9"]
[EventCountry "ESP"]
[Source "lmi"]
[SourceDate "2014.07.16"]

1. e4 c5 2. Nf3 d6 3. d4 cxd4 4. Nxd4 Nf6 5. Nc3 a6 6. h3 e6 7. g4 d5 8. Nde2
Nxe4 9. Nxe4 dxe4 10. Qxd8+ Kxd8 11. Bg2 Bd7 12. Bxe4 Bc6 13. Ng3 Be7 14. Be3
Bxe4 15. Nxe4 Nd7 16. O-O-O Kc7 17. Rd2 Rad8 18. Rhd1 f6 19. Bf4+ e5 20. Be3
Nb8 21. Nc3 Rxd2 22. Rxd2 Kc6 23. Ne4 h5 24. Ng3 hxg4 25. hxg4 g6 26. Kd1 Rh4
27. f3 Rh3 28. Bf2 Nd7 29. Ke2 Nf8 30. Ne4 Ne6 31. Be3 f5 32. gxf5 gxf5 33. Nc3
f4 34. Bf2 Rh2 35. Kf1 Nd4 36. Rd3 Nf5 37. Kg1 Rh8 38. Nd5 Bd8 39. Nb4+ Kc7 40.
Rd5 Re8 41. Nd3 Bf6 42. Nxf4 exf4 43. Rxf5 Bxb2 44. Rxf4 Re2 45. Rc4+ Kd7 46.
Kf1 b5 47. Rc5 Re6 48. Rd5+ Kc6 49. Rc5+ Kd7 50. Rd5+ Kc6 51. Rh5 Rf6 52. Ke2
Re6+ 53. Kd3 Rd6+ 54. Ke2 Re6+ 55. Kd3 Rd6+ 1/2-1/2

[Event "7. Torneo IRT Móstoles 2014"]
[Site "Mostoles ESP"]
[Date "2014.07.19"]
[Round "4.5"]
[White "Mazo Fernandez, Roberto"]
[Black "Gomez Ferrer, Jesus"]
[Result "0-1"]
[WhiteElo "1875"]
[BlackElo "2028"]
[PlyCount "122"]
[EventDate "2014.07.16"]
[EventType "swiss"]
[EventRounds "9"]
[EventCountry "ESP"]
[Source "lmi"]
[SourceDate "2014.07.16"]

1. d4 d5 2. c4 e6 3. Nc3 Nf6 4. cxd5 exd5 5. Bg5 c6 6. Qc2 Be6 7. e3 Nbd7 8.
Bd3 Qa5 9. Bf4 Bb4 10. Nge2 Bg4 11. O-O O-O 12. a3 Bxc3 13. Nxc3 Rac8 14. b4
Qd8 15. Rfc1 Re8 16. h3 Bh5 17. Qb3 Bg6 18. Be2 Ne4 19. Nxe4 Bxe4 20. b5 c5 21.
dxc5 Nxc5 22. Qb4 b6 23. Rd1 Qf6 24. Rac1 Qg6 25. f3 Bd3 26. Bxd3 Nxd3 27. Rxc8
Rxc8 28. Qd6 Nxf4 29. Qxf4 h6 30. Rxd5 Rc1+ 31. Kh2 Rc2 32. Qg4 Qf6 33. Qe4 Qg6
34. Rd8+ Kh7 35. Qg4 Rc3 36. Qxg6+ Kxg6 37. a4 Rxe3 38. Rd7 f6 39. Rxa7 Ra3 40.
h4 h5 41. Kg3 Ra2 42. Ra6 Kf7 43. Kf4 Rxg2 44. Rxb6 g5+ 45. Kf5 gxh4 46. Rb7+
Kg8 47. a5 h3 48. a6 h2 49. a7 Ra2 50. Kg6 Kf8 51. Kxf6 Ke8 52. Ke6 Kf8 53. Kf6
Kg8 54. Rg7+ Kh8 55. Kg6 h1=Q 56. Rh7+ Kg8 57. Rg7+ Kf8 58. Rc7 Qg2+ 59. Kh6
Qd2+ 60. Kxh5 Qd5+ 61. Kg4 Rxa7 0-1

[Event "7. Torneo IRT Móstoles 2014"]
[Site "Mostoles ESP"]
[Date "2014.07.19"]
[Round "4.6"]
[White "De La Fuente Gonzalez, Francis"]
[Black "Ruiz Sanchez, Roberto"]
[Result "1/2-1/2"]
[WhiteElo "2213"]
[BlackElo "1937"]
[PlyCount "83"]
[EventDate "2014.07.16"]
[EventType "swiss"]
[EventRounds "9"]
[EventCountry "ESP"]
[Source "lmi"]
[SourceDate "2014.07.16"]

1. Nf3 Nf6 2. c4 c6 3. g3 d5 4. b3 Bf5 5. Bg2 e6 6. O-O Be7 7. Bb2 h6 8. d3 O-O
9. Nbd2 Nbd7 10. Qc2 a5 11. a3 Bh7 12. Bc3 Ne8 13. b4 Bf6 14. e4 dxe4 15. dxe4
Qc7 16. Qb2 Bxc3 17. Qxc3 e5 18. c5 Nef6 19. Rfe1 axb4 20. axb4 Rxa1 21. Qxa1
b6 22. Qc3 bxc5 23. bxc5 Ra8 24. Bh3 Qa5 25. Qxa5 Rxa5 26. Rc1 Rxc5 27. Rxc5
Nxc5 28. Nxe5 Ncxe4 29. Nb3 c5 30. Bg2 Bf5 31. f3 Be6 32. Na5 Nd6 33. Bf1 Kf8
34. Kf2 Ke8 35. Nd3 Nd7 36. Nf4 Ba2 37. Nc6 g5 38. Nd3 f6 39. f4 Bd5 40. Na5
Kd8 41. Bh3 Ne4+ 42. Ke3 1/2-1/2

[Event "7. Torneo IRT Móstoles 2014"]
[Site "Mostoles ESP"]
[Date "2014.07.19"]
[Round "4.7"]
[White "Dominguez Alcon, Victor"]
[Black "Sotoca Aguado, Jose"]
[Result "1/2-1/2"]
[WhiteElo "2167"]
[BlackElo "1933"]
[PlyCount "48"]
[EventDate "2014.07.16"]
[EventType "swiss"]
[EventRounds "9"]
[EventCountry "ESP"]
[Source "lmi"]
[SourceDate "2014.07.16"]

1. d4 Nf6 2. c4 e6 3. g3 Bb4+ 4. Bd2 Bxd2+ 5. Qxd2 d5 6. Bg2 c6 7. Nf3 Ne4 8.
Qc2 O-O 9. O-O Nd7 10. Nc3 f5 11. b4 Qe7 12. Rab1 g5 13. b5 g4 14. Nd2 Qg5 15.
Ncxe4 dxe4 16. bxc6 bxc6 17. e3 e5 18. Qc3 Qh6 19. Rfd1 Qf6 20. Nb3 exd4 21.
Qxd4 Ne5 22. Nc5 Kg7 23. Qd6 Nxc4 24. Qxf6+ Kxf6 1/2-1/2

[Event "7. Torneo IRT Móstoles 2014"]
[Site "Mostoles ESP"]
[Date "2014.07.19"]
[Round "4.8"]
[White "Alonso Abad, Enrique"]
[Black "Sanchez Naranjo, Jose Manuel"]
[Result "1/2-1/2"]
[WhiteElo "1939"]
[BlackElo "2133"]
[PlyCount "41"]
[EventDate "2014.07.16"]
[EventType "swiss"]
[EventRounds "9"]
[EventCountry "ESP"]
[Source "lmi"]
[SourceDate "2014.07.16"]

1. d4 Nf6 2. c4 g6 3. Nf3 Bg7 4. g3 O-O 5. Bg2 d6 6. O-O Nc6 7. d5 Nb8 8. Nc3
c5 9. Qc2 e5 10. a3 Nbd7 11. Rb1 Qe7 12. b4 b6 13. Na4 Bb7 14. bxc5 Nxc5 15.
Nxc5 dxc5 16. Ng5 h6 17. Nh3 Rad8 18. f4 Ba6 19. e4 Ng4 20. f5 g5 21. Nf2
1/2-1/2

[Event "7. Torneo IRT Móstoles 2014"]
[Site "Mostoles ESP"]
[Date "2014.07.19"]
[Round "4.10"]
[White "Cabanas Bravo, Juan Andres"]
[Black "Marques Moro, Jose A"]
[Result "1-0"]
[WhiteElo "2064"]
[BlackElo "1896"]
[PlyCount "139"]
[EventDate "2014.07.16"]
[EventType "swiss"]
[EventRounds "9"]
[EventCountry "ESP"]
[Source "lmi"]
[SourceDate "2014.07.16"]

1. Nf3 Nf6 2. Nc3 d5 3. e4 dxe4 4. Ng5 g6 5. Bc4 e6 6. Ncxe4 Bg7 7. Nxf6+ Qxf6
8. d3 O-O 9. c3 Nc6 10. Ne4 Qd8 11. Bg5 f6 12. Bf4 Kh8 13. Qd2 a6 14. a3 Qe7
15. O-O-O b5 16. Ba2 f5 17. Bg5 Qe8 18. Nc5 a5 19. Rhe1 e5 20. Bd5 b4 21. f4
bxa3 22. bxa3 h6 23. Bh4 Rb8 24. fxe5 a4 25. Bf6 Kh7 26. Bxg7 Kxg7 27. Qc2 Ne7
28. Bc4 Qc6 29. d4 Nd5 30. Rd3 f4 31. Bxd5 Qxd5 32. c4 Qc6 33. e6 Re8 34. Qxa4
Qxa4 35. Nxa4 Rxe6 36. Rxe6 Bxe6 37. d5 Bf5 38. Rf3 Rb1+ 39. Kd2 g5 40. c5 Be4
41. d6 cxd6 42. cxd6 Bxf3 43. gxf3 Kf7 44. Nc5 Rb2+ 45. Kc3 Rxh2 46. a4 Ra2 47.
Kb3 Ra1 48. Kb2 Rf1 49. a5 Rf2+ 50. Kb3 Rxf3+ 51. Kb4 Rf1 52. a6 Rb1+ 53. Nb3
f3 54. a7 f2 55. a8=Q f1=Q 56. Qd5+ Kg6 57. d7 Qf8+ 58. Ka4 Qf4+ 59. Ka3 Rxb3+
60. Kxb3 Qe3+ 61. Kc4 Qc1+ 62. Kb5 Qb2+ 63. Kc6 Qc3+ 64. Kb7 Qb4+ 65. Kc7 Qc3+
66. Qc6+ Qxc6+ 67. Kxc6 h5 68. d8=Q h4 69. Qh8 Kf5 70. Qh5 1-0

[Event "7. Torneo IRT Móstoles 2014"]
[Site "Mostoles ESP"]
[Date "2014.07.20"]
[Round "5.1"]
[White "Moreno Ibanez, Miguel"]
[Black "Renteria, Jorge"]
[Result "1-0"]
[WhiteElo "2175"]
[BlackElo "2304"]
[PlyCount "43"]
[EventDate "2014.07.16"]
[EventType "swiss"]
[EventRounds "9"]
[EventCountry "ESP"]
[Source "lmi"]
[SourceDate "2014.07.16"]

1. e4 c5 2. Nf3 d6 3. d4 cxd4 4. Nxd4 Nf6 5. Nc3 a6 6. Bg5 e6 7. f4 h6 8. Bh4
Qb6 9. Qd2 Qxb2 10. Rb1 Qa3 11. Be2 Nbd7 12. Bxf6 Nxf6 13. e5 dxe5 14. fxe5 Nd7
15. O-O Be7 16. Rxf7 Nxe5 17. Rxg7 Bg5 18. Bh5+ Kf8 19. Rxg5 hxg5 20. Rf1+ Ke7
21. Qxg5+ Kd6 22. Ndb5+ 1-0

[Event "7. Torneo IRT Móstoles 2014"]
[Site "Mostoles ESP"]
[Date "2014.07.20"]
[Round "5.2"]
[White "Cardenas Serrano, Sergio"]
[Black "Longa Yauca, Javier"]
[Result "1-0"]
[WhiteElo "2073"]
[BlackElo "2320"]
[PlyCount "45"]
[EventDate "2014.07.16"]
[EventType "swiss"]
[EventRounds "9"]
[EventCountry "ESP"]
[Source "lmi"]
[SourceDate "2014.07.16"]

1. e4 e6 2. d4 d5 3. Nd2 Nf6 4. e5 Nfd7 5. Bd3 c5 6. c3 Nc6 7. Ne2 Qb6 8. Nf3
cxd4 9. cxd4 Bb4+ 10. Bd2 f6 11. exf6 Nxf6 12. Bxb4 Qxb4+ 13. Qd2 Bd7 14. Nc3
O-O 15. O-O Kh8 16. a3 Qd6 17. Qg5 Rae8 18. Rae1 a6 19. Ne5 Bc8 20. Re3 Kg8 21.
Rh3 Qc7 22. Ng4 Kh8 23. Qg6 1-0

[Event "7. Torneo IRT Móstoles 2014"]
[Site "Mostoles ESP"]
[Date "2014.07.20"]
[Round "5.3"]
[White "Pablos Tenrero, Raquel"]
[Black "Cabanas Bravo, Juan Andres"]
[Result "1-0"]
[WhiteElo "1965"]
[BlackElo "2064"]
[PlyCount "72"]
[EventDate "2014.07.16"]
[EventType "swiss"]
[EventRounds "9"]
[EventCountry "ESP"]
[Source "lmi"]
[SourceDate "2014.07.16"]

1. e4 e5 2. Nf3 Nc6 3. Bb5 a6 4. Bxc6 dxc6 5. O-O Qd6 6. Na3 Qe6 7. b3 Ne7 8.
Nc4 Ng6 9. d4 exd4 10. Nxd4 Qg4 11. h3 Qxd1 12. Rxd1 f6 13. Bb2 Bd7 14. Rd3 c5
15. Nf3 b5 16. Ne3 Bd6 17. Rad1 O-O-O 18. Nd5 Bc6 19. c4 Rhe8 20. Re3 b4 21. g3
Kb7 22. Ne1 Bd7 23. Kh2 Bc8 24. f4 c6 25. Nxf6 gxf6 26. Nd3 Be7 27. Rde1 Kb6
28. f5 Nh8 29. Kg2 Bd6 30. Bxf6 Be7 31. Ba1 Bg5 32. Rf3 Bd2 33. Re2 Bc3 34.
Bxc3 bxc3 35. e5 Bxf5 36. Rxf5 Rxd3 1-0

[Event "7. Torneo IRT Móstoles 2014"]
[Site "Mostoles ESP"]
[Date "2014.07.20"]
[Round "5.4"]
[White "Martos De La Vega, Alvar"]
[Black "Fuentes Arjona, Antonio"]
[Result "1/2-1/2"]
[WhiteElo "1956"]
[BlackElo "2021"]
[PlyCount "66"]
[EventDate "2014.07.16"]
[EventType "swiss"]
[EventRounds "9"]
[EventCountry "ESP"]
[Source "lmi"]
[SourceDate "2014.07.16"]

1. d4 Nf6 2. c4 d5 3. Nc3 g6 4. cxd5 Nxd5 5. e4 Nxc3 6. bxc3 Bg7 7. Nf3 c5 8.
Be3 O-O 9. Qd2 Qa5 10. Rb1 cxd4 11. cxd4 Qxd2+ 12. Kxd2 b6 13. Rc1 Bb7 14. Bd3
Na6 15. Rc4 Rfc8 16. Rhc1 e6 17. Bf4 Bf8 18. Rxc8 Rxc8 19. Rxc8 Bxc8 20. Bxa6
Bxa6 21. Bb8 Bf1 22. Bxa7 Bxg2 23. Ke2 b5 24. Bb8 f6 25. e5 Kf7 26. exf6 Kxf6
27. Be5+ Ke7 28. Ng5 Bd5 29. Nxh7 Bxa2 30. Nxf8 Kxf8 31. Bd6+ Kf7 32. Ke3 Kf6
33. Kf4 Bb1 1/2-1/2

[Event "7. Torneo IRT Móstoles 2014"]
[Site "Mostoles ESP"]
[Date "2014.07.20"]
[Round "5.5"]
[White "Quintero Torres, Pedro"]
[Black "Sanz Varea, Jose M"]
[Result "1-0"]
[WhiteElo "2014"]
[BlackElo "1892"]
[PlyCount "62"]
[EventDate "2014.07.16"]
[EventType "swiss"]
[EventRounds "9"]
[EventCountry "ESP"]
[Source "lmi"]
[SourceDate "2014.07.16"]

1. e4 e6 2. d4 d5 3. Nc3 Nf6 4. Bd3 Nc6 5. Nf3 Nb4 6. O-O Be7 7. Re1 Nxd3 8.
Qxd3 O-O 9. Ne5 c6 10. Be3 Nd7 11. Nf3 f5 12. exf5 exf5 13. Bf4 Nf6 14. Bg5 Ne4
15. Bxe7 Qxe7 16. Ne5 Qh4 17. Re2 Rf6 18. Nxe4 fxe4 19. Qg3 Qxg3 20. hxg3 Bf5
21. Rc1 Rd8 22. c3 c5 23. b4 cxb4 24. cxb4 Rb6 25. a3 Rc8 26. Rxc8+ Bxc8 27. f3
Bf5 28. g4 Bg6 29. Rc2 h6 30. Rc8+ Kh7 31. Nd7 Rc6 1-0

[Event "7. Torneo IRT Móstoles 2014"]
[Site "Mostoles ESP"]
[Date "2014.07.20"]
[Round "5.6"]
[White "Aziz Ortego, Omar Luis"]
[Black "Caballero Gallego, Luis"]
[Result "1-0"]
[WhiteElo "2116"]
[BlackElo "1916"]
[PlyCount "77"]
[EventDate "2014.07.16"]
[EventType "swiss"]
[EventRounds "9"]
[EventCountry "ESP"]
[Source "lmi"]
[SourceDate "2014.07.16"]

1. d4 Nf6 2. c4 e6 3. a3 d5 4. Nc3 b6 5. cxd5 Nxd5 6. e4 Nf6 7. Bg5 Be7 8. Nf3
O-O 9. Bd3 Bb7 10. Qe2 Nbd7 11. e5 Ne8 12. Ne4 Kh8 13. Rd1 f5 14. exf6 Nexf6
15. O-O Nxe4 16. Bxe7 Qxe7 17. Bxe4 Bxe4 18. Qxe4 Rae8 19. Rfe1 Qd6 20. Ng5 Nf6
21. Qe5 Qxe5 22. dxe5 Nd5 23. Nxe6 Rxe6 24. Rxd5 Rfe8 25. f4 c6 26. Rd7 g5 27.
g3 a5 28. Kf2 Rh6 29. h4 gxf4 30. gxf4 Rxh4 31. Kg3 Rh6 32. Red1 Rg8+ 33. Kf3
Rh3+ 34. Ke4 h5 35. R1d6 Rg7 36. Rh6+ Kg8 37. Rd8+ Kf7 38. e6+ Ke7 39. Rd7+ 1-0

[Event "7. Torneo IRT Móstoles 2014"]
[Site "Mostoles ESP"]
[Date "2014.07.20"]
[Round "5.7"]
[White "Gonzalez Santamartina, Jorge"]
[Black "De La Fuente Gonzalez, Francis"]
[Result "0-1"]
[WhiteElo "1923"]
[BlackElo "2213"]
[PlyCount "84"]
[EventDate "2014.07.16"]
[EventType "swiss"]
[EventRounds "9"]
[EventCountry "ESP"]
[Source "lmi"]
[SourceDate "2014.07.16"]

1. e4 e5 2. Nf3 Nf6 3. Nxe5 d6 4. Nf3 Nxe4 5. Nc3 Nxc3 6. dxc3 Nc6 7. Be3 Be7
8. Qd2 Be6 9. O-O-O Qd7 10. Kb1 a6 11. h4 Ne5 12. Nd4 Nc4 13. Bxc4 Bxc4 14.
Rde1 O-O-O 15. Ne2 Bf6 16. Nf4 Qb5 17. Bd4 Be5 18. b3 c5 19. a4 Qa5 20. Bxe5
dxe5 21. Nd3 Bxd3 22. cxd3 Rhe8 23. Qc2 Re6 24. Re3 f6 25. Rhe1 Red6 26. R1e2
Kb8 27. g3 R8d7 28. c4 Rd4 29. Kb2 e4 30. Rxe4 Rxd3 31. Re8+ Ka7 32. R8e7 Rd8
33. Re8 Rd2 34. Rxd8 Rxc2+ 35. Kxc2 Qxd8 36. Rd2 Qe7 37. Kc3 b5 38. axb5 axb5
39. cxb5 Kb6 40. Kc2 Kxb5 41. Kc3 Qe5+ 42. Kc2 Kb4 0-1

[Event "7. Torneo IRT Móstoles 2014"]
[Site "Mostoles ESP"]
[Date "2014.07.20"]
[Round "5.8"]
[White "Ruiz Sanchez, Roberto"]
[Black "Dominguez Alcon, Victor"]
[Result "1-0"]
[WhiteElo "1937"]
[BlackElo "2167"]
[PlyCount "73"]
[EventDate "2014.07.16"]
[EventType "swiss"]
[EventRounds "9"]
[EventCountry "ESP"]
[Source "lmi"]
[SourceDate "2014.07.16"]

1. d4 Nf6 2. Bg5 g6 3. Bxf6 exf6 4. c4 Bg7 5. Nc3 f5 6. e3 O-O 7. Nf3 Re8 8.
Be2 d6 9. O-O Nd7 10. Qc2 Nf6 11. Rac1 c6 12. Nd2 Qe7 13. Bf3 g5 14. g3 Ng4 15.
Rfe1 f4 16. exf4 Qxe1+ 17. Rxe1 Rxe1+ 18. Kg2 Bxd4 19. Nde4 Bf5 20. Qd2 Bxc3
21. Qxc3 Rxe4 22. Bxe4 Bxe4+ 23. f3 Bf5 24. fxg4 Be4+ 25. Kf2 Re8 26. f5 Re5
27. Qd4 Re8 28. Qxd6 c5 29. Qh6 Kh8 30. Qf6+ Kg8 31. Qxg5+ Kh8 32. h4 f6 33.
Qxf6+ Kg8 34. h5 h6 35. Qxh6 Re7 36. Qg6+ Kf8 37. h6 1-0